Le passant du Bowery (Record no. 5375)

MARC details
000 -CABECERA
campo de control de longitud fija 02810cam a2200301 i 4500
001 - NÚMERO DE CONTROL
campo de control 991107288634606196
005 - FECHA Y HORA DE LA ÚLTIMA TRANSACCIÓN
campo de control 20260304135620.0
008 - DATOS DE LONGITUD FIJA--INFORMACIÓN GENERAL
campo de control de longitud fija 230711t20232023fr a bq 000 1 fre d
020 ## - NÚMERO INTERNACIONAL ESTÁNDAR DEL LIBRO
Número Internacional Estándar del Libro 9782021505177
Información calificativa (paperback)
Condiciones de disponibilidad 19,50 EUR
020 ## - NÚMERO INTERNACIONAL ESTÁNDAR DEL LIBRO
Número Internacional Estándar del Libro 2021505170
035 ## - NÚMERO DE CONTROL DEL SISTEMA
Número de control de sistema (Fr-PaAMA)AAL08285533-0001
040 ## - FUENTE DE LA CATALOGACIÓN
Centro catalogador/agencia de origen Fr-PaAMA
Lengua de catalogación eng
Normas de descripción rda
Centro/agencia transcriptor tbs
041 ## - CÓDIGO DE LENGUA
Código de lengua del texto/banda sonora o título independiente French
050 #4 - SIGNATURA TOPOGRÁFICA DE LA BIBLIOTECA DEL CONGRESO
Número de clasificación PQ2707.H94
Número de documento/Ítem P37 2023
100 ## - ENTRADA PRINCIPAL--NOMBRE DE PERSONA
Nombre de persona Ghys, Clément, - 1985- author.
Fechas asociadas al nombre 1985-
Término indicativo de función/relación author.
245 13 - MENCIÓN DE TÍTULO
Título Le passant du Bowery
Mención de responsabilidad, etc. / Clément Ghys.
264 #1 - PRODUCCIÓN, PUBLICACIÓN, DISTRIBUCIÓN, FABRICACIÓN Y COPYRIGHT
Producción, publicación, distribución, fabricación y copyright Paris XIXe :
Nombre del de productor, editor, distribuidor, fabricante Éditions du Seuil,
Fecha de producción, publicación, distribución, fabricación o copyright [2023]
300 ## - DESCRIPCIÓN FÍSICA
Extensión 280 pages :
Otras características físicas illustration ;
Dimensiones 21 cm
500 ## - NOTA GENERAL
Nota general "Récit"--Cover.
504 ## - NOTA DE BIBLIOGRAFÍA, ETC.
Nota de bibliografía, etc. Includes bibliographical references and filmography (pages 275-278).
520 ## - SUMARIO, ETC.
Sumario, etc. 222 Bowery, sud-est de Manhattan. L’adresse a abrité, dit-on, l’atelier de Fernand Léger pendant la guerre. Mark Rothko y a peint des toiles décisives pour la suite de son oeuvre. Dans les années 1960, le poète John Giorno y a organisé des soirées extravagantes où la bohème se pressait autour de William Burroughs. Le mage de la Beat Generation, après des années d’errance, s’était en effet installé dans l’entresol sans fenêtres surnommé le Bunker.<br/>Le 222 revit ici au gré des déambulations du passant du Bowery, narrateur énigmatique et fasciné qui, pièce par pièce, étage après étage, nous entraîne avec une nostalgie fougueuse dans la douceur enfiévrée des nuits et des jours de cet immeuble tout aussi méconnu que mythique.<br/>Clément Ghys est rédacteur en chef adjoint de M le magazine du Monde.
520 ## - SUMARIO, ETC.
Sumario, etc. 222 Bowery, south-east Manhattan. The address is said to have housed Fernand Léger’s studio during the war. Mark Rothko painted canvases there that proved decisive for the rest of his work. In the 1960s, the poet John Giorno hosted extravagant gatherings where the bohemian crowd flocked around William Burroughs. The magician-like figure of the Beat Generation had, after years of wandering, settled in the windowless mezzanine known as the Bunker.<br/><br/>The building at 222 comes back to life here through the wanderings of the Bowery passer-by, an enigmatic and fascinated narrator who, room by room and floor by floor, leads us with fervent nostalgia into the feverish sweetness of the nights and days spent in this building, as little known as it is mythical.<br/><br/>Clément Ghys is deputy editor-in-chief of M, the magazine of Le Monde.
650 #0 - PUNTO DE ACCESO ADICIONAL DE MATERIA--TÉRMINO DE MATERIA
Término de materia o nombre geográfico como elemento de entrada Beat generation — New York (State) — New York.
9 (RLIN) 26777
650 #0 - PUNTO DE ACCESO ADICIONAL DE MATERIA--TÉRMINO DE MATERIA
Término de materia o nombre geográfico como elemento de entrada Bohemianism — New York (State) — New York — History — 20th century.
9 (RLIN) 26780
650 #0 - PUNTO DE ACCESO ADICIONAL DE MATERIA--TÉRMINO DE MATERIA
Término de materia o nombre geográfico como elemento de entrada Bowery (New York, N.Y.) — History — 20th century.
9 (RLIN) 26779
650 #0 - PUNTO DE ACCESO ADICIONAL DE MATERIA--TÉRMINO DE MATERIA
Término de materia o nombre geográfico como elemento de entrada Artists’ studios — New York (State) — New York — History.
9 (RLIN) 26778
942 ## - ELEMENTOS DE ENTRADA AGREGADA (KOHA)
Fuente del sistema de clasificación o colocación Clasificación de Library of Congress

No items available.

Powered by Koha